000 01286 a2200217 4500
003 Nust
005 20170207152503.0
010 _a 96083484
020 _a041273060X (acid-free paper)
040 _cNust
082 0 0 _a519.535
100 1 _aAfifi, A. A.
245 1 0 _aComputer-aided multivariate analysis /
_cA.A. Afifi and V. Clark.
250 _a1st CRC Press reprint.
260 _aBoca Raton :
_bChapman & Hall/CRC,
_c1999.
300 _axxi, 455 p. :
_bill. ;
_c24 cm.
505 _aSpWhat is Multivariate anaysis Page 1, Characterizing data for Future analysis Page 12, Preparing for data Analysis Page 21, Data Screeing and Data Transfomation Page 48, Selecting Appropriate Analysis Page 71, Simple Linear Regression and Correletion Page 85, Multiple Regression and Correlation Page 124, Variable Selection in Regression Analysis Page 166, ecial Regression Topics Page 197, Canonical Correlation Analysis Page 227, Discriminant Analysis Page 243, Logistic Regression Page 281,Regression Analysis Using Survial Data Page 306, Principles Components Analysis Page 330, Factor Analysis Page 354, Cluster Analysis Page 381, Long Linear Analysis Page 410,
538 _aAlmirah No.23 Shelf No.4
650 0 _aMultivariate analysis
_xData processing.
700 1 _aClark, Virginia,
_d1928-
942 _cREF
999 _c175409
_d175409